Euro adoption and export: A case study of the Czech Republic, Slovakia and old EU member states
Význam spoločnej európskej meny na exportnú výkonnosť členskej krajiny. Porovnanie exportnej výkonnosti Slovenska s ČR a starými členskými štátmi EÚ. Analýza jednoduchou regresiou. Potvrdenie "Rose effect" - susediace krajiny zdieľajúce spoločnú menu obchodujú vo väčšom objeme.
Saved in:
| Main Author: | |
|---|---|
| Format: | Book Chapter |
| Language: | English |
| Subjects: | |
| Tags: |
No Tags, Be the first to tag this record!
|
MARC
| LEADER | 00000naa a2200000 4500 | ||
|---|---|---|---|
| 001 | 0222028 | ||
| 005 | 20230912081407.7 | ||
| 041 | 0 | |a eng | |
| 044 | |a CZ | ||
| 245 | 1 | 0 | |a Euro adoption and export: A case study of the Czech Republic, Slovakia and old EU member states |c Oliver Polyák |
| 520 | |a Význam spoločnej európskej meny na exportnú výkonnosť členskej krajiny. Porovnanie exportnej výkonnosti Slovenska s ČR a starými členskými štátmi EÚ. Analýza jednoduchou regresiou. Potvrdenie "Rose effect" - susediace krajiny zdieľajúce spoločnú menu obchodujú vo väčšom objeme. | ||
| 610 | 2 | 0 | |a konkurencieschopnosť |
| 610 | 2 | 0 | |a mena |
| 610 | 2 | 0 | |a euro |
| 610 | 2 | 0 | |a vývoz |
| 610 | 2 | 0 | |a Česko |
| 610 | 2 | 0 | |a Slovensko |
| 610 | 2 | 0 | |a obchod zahraničný |
| 100 | 1 | |a Polyák, Oliver | |